Facultat de Farmacia : organització, regim d'estudis, programa de cursos per a l'any 1933-1934 / Universitat Autònoma de Barcelona, Facultat de Farmàcia organització, regim d'estudis, programa de cursos per a l'any 1933-1934 / Universitat Autònoma de Barcelona, Facultat de Farmàcia
Descripción Física:
53 p. ; 21 cm
MARC
| LEADER | 00000nam a2200000Ia 4500 | ||
|---|---|---|---|
| 001 | 6165 | ||
| 008 | 160829s1933 xx 000 0 cat d | ||
| 080 | |a C-2-171 | ||
| 100 | |a Universitat Autònoma de Barcelona. Facultat de Farmàcia |9 34174 | ||
| 245 | |a Facultat de Farmacia : |b organització, regim d'estudis, programa de cursos per a l'any 1933-1934 / Universitat Autònoma de Barcelona, Facultat de Farmàcia | ||
| 260 | |a Barcelona : |b [l' Entitat], |c 1933 | ||
| 300 | |a 53 p. ; |c 21 cm | ||
| 590 | |a Inclou l'Estatut de la Universitat Autònoma de Barcelona. | ||
| 650 | |a Universitat Autònoma de Barcelona. Facultat de Farmàcia |x Currículums |9 34175 | ||
| 650 | |a Universitat Autònoma de Barcelona. Facultat de Farmàcia |9 34174 | ||
| 901 | |a Arxiu | ||
| 942 | |n 1 | ||
| 952 | |0 0 |1 0 |4 0 |6 C2171 |7 1 |9 46414 |a Arxiu |b Arxiu |d 2016-12-01 |l 0 |o C-2-171 |p 6165 |r 2016-12-01 00:00:00 |w 2016-12-01 |y ARXIU | ||
| 999 | |c 50199 |d 50199 | ||